An introduction to the Gospel of John / (Record no. 8397)
[ view plain ]
| 000 -LEADER | |
|---|---|
| fixed length control field | 00779nam a22002177a 4500 |
| 003 - CONTROL NUMBER IDENTIFIER | |
| control field | GBCCL |
| 005 - DATE AND TIME OF LATEST TRANSACTION | |
| control field | 20241126110649.0 |
| 008 - FIXED-LENGTH DATA ELEMENTS--GENERAL INFORMATION | |
| fixed length control field | 210209b ||||| |||| 00| 0 eng d |
| 020 ## - INTERNATIONAL STANDARD BOOK NUMBER | |
| International Standard Book Number | 9788193900611 |
| 040 ## - CATALOGING SOURCE | |
| Transcribing agency | gbc |
| 082 ## - DEWEY DECIMAL CLASSIFICATION NUMBER | |
| Classification number | 226.506 |
| Item number | BRO |
| 100 ## - MAIN ENTRY--PERSONAL NAME | |
| Personal name | Brown, Raymond E. |
| Dates associated with a name | 1928-1998. |
| Fuller form of name | (Raymond Edward), |
| 9 (RLIN) | 14696 |
| 245 ## - TITLE STATEMENT | |
| Title | An introduction to the Gospel of John / |
| Statement of responsibility, etc. | Raymond E. Brown ; edited, updated, introduced, and concluded by Francis J. Moloney. |
| 260 ## - PUBLICATION, DISTRIBUTION, ETC. | |
| Place of publication, distribution, etc. | Bangalore: |
| Name of publisher, distributor, etc. | Omega book world, |
| Date of publication, distribution, etc. | 2019 |
| 300 ## - PHYSICAL DESCRIPTION | |
| Extent | xxvi, 356 p. ; |
| Other physical details | 25 cm. |
| 440 ## - SERIES STATEMENT/ADDED ENTRY--TITLE | |
| Title | The Anchor Bible reference library |
| 9 (RLIN) | 7949 |
| 504 ## - BIBLIOGRAPHY, ETC. NOTE | |
| Bibliography, etc. note | Includes bibliographical references and indexes. |
| 650 ## - SUBJECT ADDED ENTRY--TOPICAL TERM | |
| Source of heading or term | Bible. |
| Form subdivision | John |
| General subdivision | introductions |
| 9 (RLIN) | 14697 |
| 700 ## - ADDED ENTRY--PERSONAL NAME | |
| Personal name | Moloney, Francis J. |
| 9 (RLIN) | 8800 |
| 942 ## - ADDED ENTRY ELEMENTS (KOHA) | |
| Source of classification or shelving scheme | Dewey Decimal Classification |
| Koha item type | Books |
| Koha issues (borrowed), all copies | 4 |
| Withdrawn status | Lost status | Source of classification or shelving scheme | Damaged status | Not for loan | Home library | Current Library | Shelving location | Date acquired | Total checkouts | Full call number | Barcode | Date last seen | Date last checked out | Copy number | Price effective from | Koha item type | Total renewals |
|---|---|---|---|---|---|---|---|---|---|---|---|---|---|---|---|---|---|
| Dewey Decimal Classification | GRACE BIBLE COLLEGE | GRACE BIBLE COLLEGE | Biblical Studies | 2021-02-09 | 3 | 226.506 BRO | 013926 | 2026-01-28 | 2026-01-27 | c.1 | 2021-02-09 | Books | |||||
| Dewey Decimal Classification | GRACE BIBLE COLLEGE | GRACE BIBLE COLLEGE | Biblical Studies | 2021-02-09 | 1 | 226.506 BRO | 013927 | 2025-05-01 | 2024-01-16 | c.2 | 2021-02-09 | Books | |||||
| Dewey Decimal Classification | GRACE BIBLE COLLEGE | GRACE BIBLE COLLEGE | Biblical Studies | 2021-02-09 | 5 | 226.506 BRO | 013928 | 2025-09-03 | 2025-08-27 | c.3 | 2021-02-09 | Books | 3 |